[Event "Klub Kölner SF 1 - DJK Aufwärts Aachen "]
[Site "Oberliga NRW 2016/2017"]
[Date "2016.11.13"]
[Round "3.1"]
[White "Burg, Twan"]
[Black "Seul, Georg"]
[Result "1-0"]
[WhiteElo "2464"]
[BlackElo "2359"]
[PlyCount "115"]
[EventDate "2016.??.??"]
[WhiteTeam "DJK Aufwärts Aachen 2"]
[BlackTeam "Klub Kölner SF 1"]

1. e4 d6 2. d4 g6 3. Nf3 Nf6 4. Bd3 Bg7 5. O-O O-O 6. Re1 Nc6 7. c3 e5 8. h3 h6
9. Nbd2 Nh5 10. dxe5 dxe5 11. Nf1 Be6 12. Ne3 Nf4 13. Bc4 Bxc4 14. Nxc4 Nd3 15.
Re2 Nc5 16. Qc2 a5 17. Be3 Qe7 18. Rd1 a4 19. Rd5 Ne6 20. Red2 Qe8 21. g3 f6
22. Na3 f5 23. exf5 gxf5 24. Nh4 Ne7 25. Rb5 f4 26. Bc5 c6 27. Bxe7 Qxe7 28.
Rb4 Ng5 29. Kg2 Qe6 30. g4 e4 31. Rxb7 f3+ 32. Kf1 Qe5 33. Rdd7 Bf6 34. Nf5 Qh2
35. Ng3 Qxh3+ 36. Ke1 Qxg4 37. Nc4 Rad8 38. Ne3 Qe6 39. Rxd8 Rxd8 40. Qxa4 Qd6
41. Qc2 Kh8 42. Rb4 Qd3 43. Qxd3 exd3 44. Rc4 Be5 45. Rxc6 d2+ 46. Kd1 Kh7 47.
Ngf5 Ne4 48. Rxh6+ Kg8 49. Ng4 Bxc3 50. Re6 Nxf2+ 51. Nxf2 Bxb2 52. Rb6 Bc1 53.
Rb4 Kf7 54. Nh4 Ke7 55. Re4+ Kf6 56. Nxf3 Kf5 57. Rd4 Rxd4 58. Nxd4+ 1-0

[Event "Klub Kölner SF 1 - DJK Aufwärts Aachen "]
[Site "Oberliga NRW 2016/2017"]
[Date "2016.11.13"]
[Round "3.2"]
[White "Strohaeker, Raoul"]
[Black "Godart, Francois"]
[Result "1/2-1/2"]
[WhiteElo "2389"]
[BlackElo "2361"]
[PlyCount "101"]
[EventDate "2016.??.??"]
[WhiteTeam "Klub Kölner SF 1"]
[BlackTeam "DJK Aufwärts Aachen 2"]

1. e4 e6 2. d4 d5 3. exd5 exd5 4. Nf3 Nf6 5. h3 Bd6 6. c4 O-O 7. c5 Re8+ 8. Be2
Bf8 9. O-O b6 10. cxb6 axb6 11. Nc3 Ne4 12. Re1 Nxc3 13. bxc3 Ba6 14. Bf4 Bxe2
15. Rxe2 Rxe2 16. Qxe2 Nc6 17. Qb5 Na5 18. Rb1 Nc4 19. Re1 c5 20. a4 h6 21. Qc6
Na5 22. Qb5 Nc4 23. Qc6 Na5 24. Qb5 Nc4 25. Ne5 Nxe5 26. Rxe5 Rc8 27. Be3 Bd6
28. Rf5 g6 29. Rxd5 Bh2+ 30. Kxh2 Qxd5 31. Qxb6 cxd4 32. Bxd4 Qc6 33. a5 f5 34.
Be5 Kf7 35. Qa7+ Ke6 36. Qg7 Kd5 37. Bf4 g5 38. Qd4+ Ke6 39. Qe5+ Kd7 40. Qxf5+
Qe6 41. Qd3+ Ke7 42. Bg3 Rc4 43. Qh7+ Ke8 44. Qh8+ Kf7 45. Be5 Rc5 46. Qg7+ Ke8
47. Bc7 Qc6 48. Qg8+ Kd7 49. Qd8+ Ke6 50. Qg8+ Kd7 51. Qd8+ 1/2-1/2

[Event "Klub Kölner SF 1 - DJK Aufwärts Aachen "]
[Site "Oberliga NRW 2016/2017"]
[Date "2016.11.13"]
[Round "3.3"]
[White "Buscher, Michael"]
[Black "Morawietz, Dieter"]
[Result "0-1"]
[WhiteElo "2362"]
[BlackElo "2381"]
[PlyCount "86"]
[EventDate "2016.??.??"]
[WhiteTeam "DJK Aufwärts Aachen 2"]
[BlackTeam "Klub Kölner SF 1"]

1. Nf3 c5 2. e4 e6 3. c3 Nf6 4. e5 Nd5 5. d4 cxd4 6. cxd4 d6 7. a3 Nd7 8. Bd3
dxe5 9. dxe5 Nc5 10. Bc2 a5 11. O-O Be7 12. Qd4 O-O 13. Nc3 Nxc3 14. Qxc3 a4
15. Be3 b6 16. Rfd1 Qc7 17. Bg5 Bb7 18. Bxe7 Qxe7 19. Rd4 Bd5 20. Rb4 Rfc8 21.
Qd2 Bxf3 22. gxf3 Qc7 23. Be4 Rab8 24. Qe3 g6 25. f4 Rd8 26. Rc1 Qa7 27. Kg2
Rd7 28. Rcc4 Rbd8 29. Rd4 Qc7 30. Bf3 Kg7 31. Qc3 Rxd4 32. Rxd4 Qe7 33. Kg3 h6
34. h4 Rxd4 35. Qxd4 Qe8 36. Be2 Qc6 37. f3 Qd5 38. Qb4 g5 39. hxg5 hxg5 40.
Bb5 Nb3 41. Bf1 Nd4 42. Qc3 Nf5+ 43. Kg4 Qd1 0-1

[Event "Klub Kölner SF 1 - DJK Aufwärts Aachen "]
[Site "Oberliga NRW 2016/2017"]
[Date "2016.11.13"]
[Round "3.4"]
[White "Wacker, Peter"]
[Black "Skulener, Wladimir"]
[Result "1/2-1/2"]
[WhiteElo "2263"]
[BlackElo "2345"]
[PlyCount "30"]
[EventDate "2016.??.??"]
[WhiteTeam "Klub Kölner SF 1"]
[BlackTeam "DJK Aufwärts Aachen 2"]

1. e4 Nf6 2. e5 Nd5 3. d4 d6 4. Nf3 Bg4 5. Be2 e6 6. O-O Be7 7. h3 Bh5 8. c4
Nb6 9. Nc3 O-O 10. Be3 d5 11. cxd5 exd5 12. g4 Bg6 13. Ne1 Nc6 14. Ng2 f6 15.
Nf4 fxe5 1/2-1/2

[Event "Klub Kölner SF 1 - DJK Aufwärts Aachen "]
[Site "Oberliga NRW 2016/2017"]
[Date "2016.11.13"]
[Round "3.5"]
[White "Gulbas, Cemil"]
[Black "Helbig, Mark"]
[Result "1/2-1/2"]
[WhiteElo "2340"]
[BlackElo "2317"]
[PlyCount "98"]
[EventDate "2016.??.??"]
[WhiteTeam "DJK Aufwärts Aachen 2"]
[BlackTeam "Klub Kölner SF 1"]

1. Nf3 Nf6 2. g3 d5 3. Bg2 g6 4. b3 Bg7 5. Bb2 c5 6. O-O Nc6 7. Ne5 Qd6 8. Nxc6
bxc6 9. c4 d4 10. e3 Bg4 11. Qc1 e5 12. exd4 exd4 13. Re1+ Be6 14. d3 O-O 15.
Nd2 a5 16. Qc2 Rfe8 17. Nf3 Bh6 18. Re2 a4 19. bxa4 Ra6 20. Rae1 Rea8 21. Bc1
Bxc1 22. Qxc1 Bg4 23. Rb2 Bxf3 24. Bxf3 Rxa4 25. Rb6 R4a6 26. Rxa6 Rxa6 27. Re2
Kg7 28. Bg2 h6 29. h3 Qb8 30. Rb2 Qa8 31. Qf4 Rxa2 32. Rb8 Qa5 33. Rb1 Ra1 34.
Rxa1 Qxa1+ 35. Bf1 Qc3 36. Qd6 Qa3 37. Qxc6 g5 38. Qd6 Kg6 39. Qe5 Qb4 40. Kg2
Qb7+ 41. Kg1 Qc8 42. Bg2 Qf5 43. Qe2 h5 44. Bf1 h4 45. g4 Qe6 46. Qd2 Qe5 47.
Bg2 Kh6 48. Qa5 Kg7 49. Bf3 Kg6 1/2-1/2

[Event "Klub Kölner SF 1 - DJK Aufwärts Aachen "]
[Site "Oberliga NRW 2016/2017"]
[Date "2016.11.13"]
[Round "3.6"]
[White "Bayer, Ernst-Wolfgang"]
[Black "Marcziter, Dmitrii"]
[Result "1/2-1/2"]
[WhiteElo "2251"]
[BlackElo "2254"]
[PlyCount "144"]
[EventDate "2016.??.??"]
[WhiteTeam "Klub Kölner SF 1"]
[BlackTeam "DJK Aufwärts Aachen 2"]

1. d4 d5 2. c4 e6 3. Nf3 c5 4. cxd5 exd5 5. g3 Nc6 6. Bg2 Nf6 7. O-O Be7 8. Nc3
O-O 9. dxc5 Bxc5 10. Na4 Be7 11. Be3 Bg4 12. Rc1 Qd7 13. Nc5 Bxc5 14. Bxc5 Rfe8
15. Re1 Rad8 16. Nd4 Bh3 17. Bh1 Ne4 18. Nxc6 bxc6 19. Qa4 Rb8 20. b3 Rb5 21.
Qd4 a5 22. Ba3 f6 23. Red1 Ng5 24. f4 Ne6 25. Qf2 f5 26. Bf3 Qb7 27. Rc2 a4 28.
bxa4 Ra5 29. Bd6 Rxa4 30. Be5 Rea8 31. e3 Qa6 32. Rdd2 Rb4 33. Rb2 Rxb2 34.
Rxb2 Nc5 35. Qe2 Qa3 36. Bd6 Qa7 37. Bxc5 Qxc5 38. Rc2 Qb6 39. Qd2 Qb5 40. Bg2
Bxg2 41. Kxg2 Ra4 42. Rb2 Qa6 43. Qc2 g6 44. Qb3 Qa7 45. Qb8+ Qxb8 46. Rxb8+
Kf7 47. Rb7+ Ke6 48. Rxh7 Rxa2+ 49. Kf3 c5 50. h4 c4 51. h5 gxh5 52. Rh6+ Ke7
53. Rxh5 c3 54. Rh1 Rd2 55. Rh8 Kd7 56. Rh7+ Kd6 57. Rh6+ Kc7 58. Rh7+ Kb6 59.
Rh8 Kb5 60. Rc8 Kb4 61. g4 fxg4+ 62. Kxg4 Kb3 63. Kf5 c2 64. Ke6 Rd3 65. Rb8+
Kc3 66. f5 Kd2 67. Rb2 Kd1 68. Rxc2 Kxc2 69. f6 Rxe3+ 70. Kxd5 Rf3 71. Ke6 Kd3
72. f7 Rxf7 1/2-1/2

[Event "Klub Kölner SF 1 - DJK Aufwärts Aachen "]
[Site "Oberliga NRW 2016/2017"]
[Date "2016.11.13"]
[Round "3.7"]
[White "Lenaerts, Lennert"]
[Black "Bonnmann, Reinhard"]
[Result "1-0"]
[WhiteElo "2292"]
[BlackElo "2243"]
[PlyCount "63"]
[EventDate "2016.??.??"]
[WhiteTeam "DJK Aufwärts Aachen 2"]
[BlackTeam "Klub Kölner SF 1"]

1. d4 Nf6 2. c4 g6 3. Nc3 Bg7 4. e4 d6 5. h3 c5 6. d5 O-O 7. Nf3 e6 8. Bd3 Na6
9. O-O e5 10. g4 h5 11. Nh2 Nh7 12. Kg2 Nc7 13. a3 Ne8 14. f3 Bf6 15. Bh6 Ng7
16. Qd2 Bg5 17. Bxg5 Nxg5 18. f4 exf4 19. Rxf4 hxg4 20. hxg4 Bd7 21. Raf1 Qe7
22. Qf2 a6 23. Qh4 f6 24. Nf3 Nxf3 25. R4xf3 g5 26. Qh6 Ne8 27. e5 dxe5 28. Ne4
Qg7 29. Qh5 f5 30. gxf5 g4 31. Rg3 Rxf5 32. Rxf5 1-0

[Event "Klub Kölner SF 1 - DJK Aufwärts Aachen "]
[Site "Oberliga NRW 2016/2017"]
[Date "2016.11.13"]
[Round "3.8"]
[White "Ludwig, Peter"]
[Black "Braun, Christian"]
[Result "1-0"]
[WhiteElo "2114"]
[BlackElo "2319"]
[Annotator "Hausrath,Daniel"]
[PlyCount "167"]
[EventDate "2016.??.??"]
[WhiteTeam "Klub Kölner SF 1"]
[BlackTeam "DJK Aufwärts Aachen 2"]

1. Nf3 Nf6 2. c4 g6 3. Nc3 d5 4. cxd5 Nxd5 5. g3 Bg7 6. Bg2 O-O 7. O-O Nb6 8.
d3 Nc6 9. Bd2 e5 10. Qc1 Re8 11. Bh6 Nd4 12. Nxd4 exd4 13. Ne4 Nd5 14. Bxg7
Kxg7 15. Qc5 Nf6 16. Rac1 Nxe4 17. dxe4 Be6 18. b3 Re7 19. f4 Bg4 20. Rf2 f6
21. e5 fxe5 22. fxe5 c6 23. Rd1 Qe8 24. Qxd4 Rd7 25. Qa1 Rxd1+ 26. Qxd1 Qxe5
27. Rf4 Bf5 28. Bf3 Re8 29. Rd4 Re7 30. Kg2 g5 31. Qd2 h6 32. h4 Qe3 33. Qb2
Kh7 34. hxg5 Qxg5 35. Qd2 Qxd2 36. Rxd2 Kg7 37. Rd6 Be6 38. Kf2 $11 a5 39. Be4
Kf6 40. Bd3 Rf7 41. Ke1 Rd7 42. Rxd7 Bxd7 43. a3 c5 44. Kd2 Kg5 45. Ke3 Kg4 46.
Kf2 b5 47. e3 b4 48. axb4 cxb4 49. Bc2 Be6 50. e4 Bf7 51. Bd1+ Kh3 52. Bc2 Bh5
53. Bd3 Bf7 54. Bc2 a4 55. bxa4 b3 56. Bb1 Kg4 57. a5 Bc4 58. e5 h5 59. Be4 Kg5
60. Ke3 b2 61. Kd4 Ba6 62. Kc3 Bb7 63. Bd3 Kg4 64. Kxb2 Kxg3 65. a6 Bc6 66. e6
h4 67. Bf5 Kf4 68. Bh3 Ke5 69. Kc3 Kd6 70. Kb4 Bf3 71. Kb5 Be2+ 72. Kb6 Bf3 73.
Kb5 Be2+ 74. Ka5 Bf3 75. Kb6 Be4 76. a7 Bf3 77. Bf5 Bg2 78. Bg4 Be4 79. Bh3 Bf3
80. Kb5 Bc6+ 81. Kc4 Bh1 82. Kd4 Bc6 83. Ke3 Kc7 84. e7 1-0

[Event "SG Porz 2 - Godesberger SK 1"]
[Site "Oberliga NRW 2016/2017"]
[Date "2016.11.13"]
[Round "3.1"]
[White "Wecker, Martin"]
[Black "Lutz, Christopher"]
[Result "0-1"]
[WhiteElo "2110"]
[BlackElo "2457"]
[PlyCount "80"]
[EventDate "2016.??.??"]
[WhiteTeam "Godesberger SK 1"]
[BlackTeam "SG Porz 2"]

1. Nf3 Nf6 2. c4 e6 3. g3 d5 4. d4 dxc4 5. Bg2 Bb4+ 6. Bd2 a5 7. Qc2 Nc6 8.
Qxc4 Qd5 9. Qxd5 exd5 10. a3 Bxd2+ 11. Nbxd2 O-O 12. O-O Bf5 13. Rfc1 Rfc8 14.
Rc5 Ne7 15. Rac1 c6 16. Ne5 a4 17. f3 Be6 18. g4 Nd7 19. Nxd7 Bxd7 20. e3 f5
21. gxf5 Bxf5 22. e4 Be6 23. Nf1 Rd8 24. Rd1 Ng6 25. Ne3 Nf4 26. Bf1 Rf8 27.
exd5 Nxd5 28. Nxd5 Bxd5 29. Bc4 Bxc4 30. Rxc4 Rxf3 31. d5 cxd5 32. Rxd5 Raf8
33. Rc2 h6 34. Rb5 R8f7 35. Rc4 Rf1+ 36. Kg2 R1f2+ 37. Kg1 Rd2 38. Rxa4 Rc7 39.
Rf4 Rc1+ 40. Rf1 Rcc2 0-1

[Event "SG Porz 2 - Godesberger SK 1"]
[Site "Oberliga NRW 2016/2017"]
[Date "2016.11.13"]
[Round "3.2"]
[White "Rotstein, Arkadij"]
[Black "Koehler, Christian Friedrich"]
[Result "1-0"]
[WhiteElo "2480"]
[BlackElo "2135"]
[PlyCount "113"]
[EventDate "2016.??.??"]
[WhiteTeam "SG Porz 2"]
[BlackTeam "Godesberger SK 1"]

1. c4 e5 2. Nc3 Nc6 3. g3 g6 4. Bg2 Bg7 5. d3 d6 6. e4 Nd4 7. Nge2 Nxe2 8. Qxe2
Ne7 9. h4 h5 10. Bg5 f6 11. Be3 Bg4 12. f3 Be6 13. d4 exd4 14. Bxd4 Nc6 15. Be3
Ne5 16. b3 c6 17. O-O O-O 18. Rad1 Qc7 19. Qd2 Rad8 20. Ne2 Bc8 21. Nd4 Kh7 22.
Kh2 a6 23. Bh3 Bxh3 24. Kxh3 b5 25. cxb5 axb5 26. f4 Qd7+ 27. Kg2 c5 28. fxe5
cxd4 29. Qxd4 fxe5 30. Qd3 Rxf1 31. Rxf1 d5 32. exd5 Qxd5+ 33. Qxd5 Rxd5 34.
Kf3 Rd3 35. Ke4 Rc3 36. Rf7 Rc2 37. Rb7 Rxa2 38. Rxb5 Rg2 39. Kf3 Rc2 40. Rb7
Kg8 41. b4 Rc4 42. b5 e4+ 43. Ke2 Be5 44. Bf2 Rb4 45. b6 e3 46. Bxe3 Bxg3 47.
Rd7 Bxh4 48. Bd4 Bg3 49. Kd3 h4 50. Rg7+ Kf8 51. Rxg6 Kf7 52. Rh6 Ke8 53. Rh7
Kd8 54. Bc5 Rb2 55. Kc4 Bf2 56. Bxf2 Rxf2 57. Rh8+ 1-0

[Event "SG Porz 2 - Godesberger SK 1"]
[Site "Oberliga NRW 2016/2017"]
[Date "2016.11.13"]
[Round "3.3"]
[White "Stenzel, Thomas"]
[Black "Malykin, Vitaly"]
[Result "0-1"]
[WhiteElo "2036"]
[BlackElo "2367"]
[Annotator "Hausrath,Daniel"]
[PlyCount "108"]
[EventDate "2016.??.??"]
[WhiteTeam "Godesberger SK 1"]
[BlackTeam "SG Porz 2"]

1. e4 g6 2. d4 Bg7 3. Nc3 d6 4. h3 a6 5. a4 Nf6 6. g3 O-O 7. Bg2 e5 8. Nge2
Nbd7 9. O-O c6 10. Be3 exd4 11. Bxd4 b6 12. Be3 Qc7 13. f4 Bb7 14. g4 Rfe8 15.
Qd2 b5 16. g5 b4 17. gxf6 bxc3 18. Nxc3 Nxf6 19. Rad1 Rad8 20. Bd4 c5 21. Bxf6
Bxf6 22. Nd5 Bxd5 23. Qxd5 Bxb2 24. Kh1 Bf6 25. Rf3 Qa5 26. Qc4 Qb4 27. Qxb4
cxb4 28. Rfd3 $11 Be7 29. Rd5 Rc8 30. Rb1 Rxc2 31. Rxb4 Rec8 32. Rb7 Bh4 33.
Rb3 Re2 34. Rd1 Rcc2 35. Bf1 Rh2+ 36. Kg1 Rhf2 37. Bxa6 Rxf4 38. Rf1 Bf2+ 39.
Kh1 Rd2 40. Rd3 Rc2 41. Bb7 g5 42. a5 Ra2 43. a6 Bc5 44. Rff3 Kg7 45. Rc3 Kg6
46. Rcd3 f6 47. Bc8 Kh5 48. Bb7 Rxf3 49. Rxf3 Kh4 50. Bc8 h5 51. e5 fxe5 52.
Bb7 g4 53. hxg4 hxg4 54. Rb3 g3 0-1

[Event "SG Porz 2 - Godesberger SK 1"]
[Site "Oberliga NRW 2016/2017"]
[Date "2016.11.13"]
[Round "3.4"]
[White "Korotkjevich, Stanislav"]
[Black "Hemmann, Arnold"]
[Result "1-0"]
[WhiteElo "2354"]
[BlackElo "2095"]
[PlyCount "81"]
[EventDate "2016.??.??"]
[WhiteTeam "SG Porz 2"]
[BlackTeam "Godesberger SK 1"]

1. d4 Nf6 2. Nf3 e6 3. Bf4 c5 4. e3 Nc6 5. c3 cxd4 6. exd4 Be7 7. Bd3 b6 8.
Nbd2 Bb7 9. Qe2 Nd5 10. Bg3 f5 11. c4 Ndb4 12. Bb1 O-O 13. a3 Na6 14. O-O Bf6
15. Qd3 Ne7 16. b4 Nc7 17. Ba2 Nc6 18. Bd6 Rf7 19. h3 Ne8 20. Bh2 Ne7 21. Rad1
d6 22. Rfe1 Nc7 23. c5 d5 24. Bxc7 Qxc7 25. Rxe6 Ng6 26. g3 Rd8 27. cxb6 axb6
28. Qb5 f4 29. g4 Qc2 30. Bb3 Qc8 31. Rde1 Nh4 32. Qd3 Nxf3+ 33. Nxf3 Rc7 34.
Qf5 Rc3 35. Ng5 Bxg5 36. Qxg5 Rc1 37. Rxc1 Qxc1+ 38. Kh2 Rd7 39. Qe5 h6 40.
Re8+ Kh7 41. Qf5+ 1-0

[Event "SG Porz 2 - Godesberger SK 1"]
[Site "Oberliga NRW 2016/2017"]
[Date "2016.11.13"]
[Round "3.5"]
[White "Kummer, Wolfram"]
[Black "Xu, Xianliang"]
[Result "1/2-1/2"]
[WhiteElo "2054"]
[BlackElo "2242"]
[PlyCount "106"]
[EventDate "2016.??.??"]
[WhiteTeam "Godesberger SK 1"]
[BlackTeam "SG Porz 2"]

1. e4 c5 2. Nf3 g6 3. d4 cxd4 4. Nxd4 Nc6 5. c4 Nf6 6. Nc3 d6 7. Nc2 Bg7 8. Be2
O-O 9. O-O Nd7 10. Bd2 Nc5 11. f3 Qb6 12. Kh1 Qxb2 13. Rb1 Bxc3 14. Rxb2 Bxb2
15. Bh6 Bg7 16. Bxg7 Kxg7 17. Nd4 Nxd4 18. Qxd4+ f6 19. f4 b6 20. e5 dxe5 21.
fxe5 Bb7 22. Qe3 Rac8 23. Kg1 Be4 24. exf6+ exf6 25. Qc3 Rce8 26. Bf3 Bd3 27.
Rd1 Re3 28. Qd4 Rfe8 29. Kf2 Be2 30. Rd2 Bxf3 31. gxf3 R3e5 32. Qd6 g5 33. h3
Kg6 34. Qc6 h5 35. Kg2 Nd3 36. Kf1 Re1+ 37. Kg2 Rd8 38. Qc7 Nf4+ 39. Kf2 Rde8
40. h4 R8e7 41. Qd6 Kf5 42. hxg5 Kxg5 43. Qd8 Re8 44. Qd6 Rh1 45. Rd5+ Nxd5 46.
Qxd5+ Kg6 47. Qd3+ f5 48. Qd6+ Kf7 49. Qd7+ Re7 50. Qxf5+ Kg7 51. Qg5+ Kf8 52.
Qf5+ Rf7 53. Qd5 Rh3 1/2-1/2

[Event "SG Porz 2 - Godesberger SK 1"]
[Site "Oberliga NRW 2016/2017"]
[Date "2016.11.13"]
[Round "3.6"]
[White "Fieberg, Samuel"]
[Black "Kutzner, Stephen"]
[Result "1-0"]
[WhiteElo "2144"]
[BlackElo "2009"]
[PlyCount "79"]
[EventDate "2016.??.??"]
[WhiteTeam "SG Porz 2"]
[BlackTeam "Godesberger SK 1"]

1. e4 c5 2. Nf3 Nc6 3. d4 cxd4 4. Nxd4 Nf6 5. Nc3 e5 6. Ndb5 d6 7. Bg5 a6 8.
Na3 b5 9. Nd5 Be7 10. Bxf6 Bxf6 11. c4 b4 12. Nc2 O-O 13. g3 a5 14. b3 Bg5 15.
h4 Bh6 16. Qh5 a4 17. Rb1 axb3 18. axb3 Ra2 19. Bd3 Be6 20. O-O Qc8 21. Ncxb4
Kh8 22. Nb6 Qb7 23. Nxa2 Qxb6 24. b4 Nd4 25. Nc3 Bd2 26. c5 Qb7 27. Na4 Bh3 28.
cxd6 f5 29. Nc5 Qc6 30. d7 Bg4 31. Qe8 Rxe8 32. b5 Qg6 33. dxe8=Q+ Qxe8 34. b6
Ba5 35. b7 Bc7 36. Nd7 Nc6 37. Rfc1 Qxd7 38. Rxc6 fxe4 39. b8=Q+ Bd8 40. Rd6
1-0

[Event "SG Porz 2 - Godesberger SK 1"]
[Site "Oberliga NRW 2016/2017"]
[Date "2016.11.13"]
[Round "3.7"]
[White "Schulte-Geers, Niklas"]
[Black "Wagenknecht, Uwe"]
[Result "1/2-1/2"]
[WhiteElo "1971"]
[BlackElo "2176"]
[PlyCount "56"]
[EventDate "2016.??.??"]
[WhiteTeam "Godesberger SK 1"]
[BlackTeam "SG Porz 2"]

1. d4 Nf6 2. c4 g6 3. Nc3 Bg7 4. e4 d6 5. Nf3 O-O 6. h3 c5 7. d5 Na6 8. Qc2 Nc7
9. Bd3 e6 10. O-O Re8 11. a4 Na6 12. Bf4 Nb4 13. Qb1 Nh5 14. Be3 e5 15. Ne1 Nf4
16. Na2 a5 17. Nxb4 axb4 18. b3 Qg5 19. Kh2 Qh6 20. Ra2 g5 21. f3 Kh8 22. Rh1
Qg6 23. g4 h5 24. Kg1 Bf6 25. Rah2 Rg8 26. Qc2 Rg7 27. Ng2 Nxg2 28. Qxg2 h4
1/2-1/2

[Event "SG Porz 2 - Godesberger SK 1"]
[Site "Oberliga NRW 2016/2017"]
[Date "2016.11.13"]
[Round "3.8"]
[White "Liard, Thibaud"]
[Black "Koegler, Christof"]
[Result "1-0"]
[WhiteElo "2129"]
[BlackElo "1973"]
[PlyCount "93"]
[EventDate "2016.??.??"]
[WhiteTeam "SG Porz 2"]
[BlackTeam "Godesberger SK 1"]

1. d4 Nf6 2. c4 e6 3. g3 Bb4+ 4. Bd2 Be7 5. Bg2 d5 6. Nf3 Ne4 7. O-O O-O 8. Nc3
Nxd2 9. Nxd2 c6 10. e4 dxc4 11. Nxc4 Nd7 12. d5 cxd5 13. exd5 exd5 14. Nxd5 Nf6
15. Nxe7+ Qxe7 16. Qd6 Qxd6 17. Nxd6 Rb8 18. Nxc8 Rfxc8 19. Rac1 b6 20. Bh3
Rxc1 21. Rxc1 Kf8 22. Rc7 a5 23. Bf1 Nd5 24. Rd7 Nf6 25. Ra7 Rc8 26. Rb7 Rc6
27. b3 Rd6 28. Bc4 Nd7 29. f4 h6 30. Kf2 g5 31. Kf3 Kg7 32. Rc7 Kf6 33. Bb5 Nc5
34. fxg5+ hxg5 35. Be8 Rd8 36. Bxf7 Nd7 37. Bc4 Ne5+ 38. Ke4 Rd2 39. Rb7 Nxc4
40. bxc4 Rxa2 41. Rxb6+ Ke7 42. Ra6 Rc2 43. Rxa5 Rxc4+ 44. Kf5 Rc2 45. h3 Rc3
46. Kg4 Kf6 47. Rf5+ 1-0

[Event "SG Ennepe-Ruhr-Süd 1 - SK Königsspringe"]
[Site "Oberliga NRW 2016/2017"]
[Date "2016.11.13"]
[Round "3.1"]
[White "Scheider, Julian"]
[Black "Lupor, Stefan"]
[Result "1-0"]
[WhiteElo "2292"]
[BlackElo "2283"]
[Annotator "Hausrath,Daniel"]
[PlyCount "151"]
[EventDate "2016.??.??"]
[WhiteTeam "SK Königsspringer Iserlohn 1"]
[BlackTeam "SG Ennepe-Ruhr-Süd 1"]

1. e4 e5 2. Nf3 Nc6 3. d4 exd4 4. Nxd4 Nf6 5. Nxc6 bxc6 6. e5 Qe7 7. Qe2 Nd5 8.
c4 Nb6 9. Nc3 Bb7 10. Bd2 g6 11. Ne4 O-O-O 12. f4 c5 13. O-O-O d6 14. Ng5 Bg7
15. exd6 Qxd6 16. Nxf7 Qf6 17. Ne5 Rd4 18. Qg4+ Kb8 19. Be2 Nxc4 20. Bc3 Nxe5
21. fxe5 Qxe5 22. Bxd4 cxd4 23. Bd3 Bh6+ 24. Kb1 Be3 25. h4 Qa5 26. h5 Bd5 27.
b3 g5 28. Rhf1 Qb4 29. Rf5 c6 30. Rxd5 cxd5 31. Qd7 Qb7 32. Qd6+ Ka8 33. Ba6
Qf7 34. Rf1 Qg7 35. h6 Qg6+ 36. Qxg6 hxg6 37. h7 Bf4 38. g3 Bxg3 39. Rf7 Be5
40. Re7 Bf6 41. Rf7 Be5 42. Kc2 g4 43. Kd3 g3 44. Bb7+ Kb8 45. Bxd5 Rd8 46. Bg2
a6 47. Re7 Bh8 48. Re6 Ka7 49. Re7+ Kb6 50. Rb7+ Kc5 51. b4+ Kd6 52. Rb6+ Ke5
53. Rxa6 Rd7 54. b5 Rxh7 55. b6 Kf4 56. b7 Be5 57. Rf6+ Kg5 58. Re6 Bc7 59. Rc6
Bf4 60. Rc5+ Kf6 61. Rc4 Rh2 62. Rc2 Kf5 63. Kxd4 Kg4 64. Ke4 g5 65. a4 Rh7 66.
Bf3+ Kh3 67. Bg2+ Kg4 68. Bf3+ Kh3 $11 69. Kf5 Re7 70. Bg2+ Kh2 71. Kg4 Kg1 72.
Bf3 Kf1 73. a5 Re6 74. Rc4 Bb8 75. Rc8 Ba7 76. Ra8 1-0

[Event "SG Ennepe-Ruhr-Süd 1 - SK Königsspringe"]
[Site "Oberliga NRW 2016/2017"]
[Date "2016.11.13"]
[Round "3.2"]
[White "Lupor, André"]
[Black "Schmitz, Philipp"]
[Result "1-0"]
[WhiteElo "2189"]
[BlackElo "2150"]
[Annotator "Hausrath,Daniel"]
[PlyCount "109"]
[EventDate "2016.??.??"]
[WhiteTeam "SG Ennepe-Ruhr-Süd 1"]
[BlackTeam "SK Königsspringer Iserlohn 1"]

1. d4 Nf6 2. c4 g6 3. Nc3 d5 4. cxd5 Nxd5 5. e4 Nxc3 6. bxc3 Bg7 7. Nf3 c5 8.
Be3 Qa5 9. Qd2 Nc6 10. Rb1 a6 11. Rc1 f5 12. Bd3 O-O 13. d5 fxe4 14. Bxe4 Rd8
15. O-O Ne5 16. c4 Qc7 $11 17. Rfe1 Bf5 18. Ng5 Bxe4 19. Nxe4 b6 20. Bf4 Rf8
21. Bg3 Qd7 22. Nxc5 Nf3+ 23. gxf3 bxc5 24. Qe3 Bd4 25. Qxe7 Qxe7 26. Rxe7 Rxf3
27. Rc2 Raf8 28. Kg2 g5 29. h3 h5 30. h4 gxh4 31. Bxh4 R3f4 32. Bg3 Rg4 33. Kh3
Rf3 34. d6 Bxf2 35. Rxf2 Rfxg3+ 36. Kh2 Rd3 37. Rb2 Rf4 38. Rb8+ Rf8 39. Rbb7
Rd2+ 40. Kg3 Rd3+ 41. Kh4 Rf4+ 42. Kg5 Rf1 43. Re8+ Rf8 44. Re6 Rd8 45. Rg6+
Kf8 46. Rf6+ Kg8 47. Rf5 R3xd6 48. Rxc5 Rd2 49. Rcc7 Rxa2 50. c5 Re8 51. Rg7+
Kh8 52. Kh6 Re6+ 53. Rg6 Rxg6+ 54. Kxg6 Rg2+ 55. Kh6 1-0

[Event "SG Ennepe-Ruhr-Süd 1 - SK Königsspringe"]
[Site "Oberliga NRW 2016/2017"]
[Date "2016.11.13"]
[Round "3.3"]
[White "Eckardt, Joshua"]
[Black "Arndt, Stefan"]
[Result "1-0"]
[WhiteElo "2192"]
[BlackElo "2104"]
[PlyCount "79"]
[EventDate "2016.??.??"]
[WhiteTeam "SK Königsspringer Iserlohn 1"]
[BlackTeam "SG Ennepe-Ruhr-Süd 1"]

1. Nf3 Nf6 2. c4 e6 3. g3 d5 4. Bg2 dxc4 5. Qa4+ Bd7 6. Qxc4 c5 7. O-O Nc6 8.
d3 Rc8 9. Nc3 a6 10. a4 Be7 11. Bf4 Na5 12. Qa2 Bc6 13. Rfd1 Nd5 14. d4 Nb4 15.
Qb1 c4 16. e4 O-O 17. d5 exd5 18. exd5 Bd7 19. Ne5 Re8 20. Be4 g6 21. h4 Bf6
22. Nxd7 Qxd7 23. d6 Nb3 24. Ra3 Nc5 25. Bg2 Ncd3 26. Ne4 Bh8 27. Bd2 Rxe4 28.
Bxe4 Qxd6 29. Bxb4 Qxb4 30. Bxd3 cxd3 31. Raxd3 Bxb2 32. Qa2 Bf6 33. Rd7 Qc4
34. Qxc4 Rxc4 35. Rxb7 Rxa4 36. Rdd7 Be5 37. Rxf7 Ra5 38. Rxh7 Rc5 39. Rhe7 Bd6
40. Rg7+ 1-0

[Event "SG Ennepe-Ruhr-Süd 1 - SK Königsspringe"]
[Site "Oberliga NRW 2016/2017"]
[Date "2016.11.13"]
[Round "3.4"]
[White "Tripolsky, Eugen"]
[Black "Messarius, Juergen"]
[Result "1-0"]
[WhiteElo "2195"]
[BlackElo "2136"]
[Annotator "Hausrath,Daniel"]
[PlyCount "93"]
[EventDate "2016.??.??"]
[WhiteTeam "SG Ennepe-Ruhr-Süd 1"]
[BlackTeam "SK Königsspringer Iserlohn 1"]

1. e4 c5 2. Nf3 Nc6 3. Bb5 g6 4. O-O Bg7 5. Nc3 Nd4 6. Bc4 e6 7. d3 a6 8. Nxd4
cxd4 9. Ne2 Ne7 10. Bg5 h6 11. Bh4 g5 12. Bg3 e5 13. c3 d5 14. exd5 b5 15. cxd4
bxc4 16. dxc4 exd4 17. Nxd4 Qb6 $11 18. Nb3 O-O 19. Re1 Ng6 20. c5 Qb5 21. Qd2
a5 22. Rac1 Qb4 23. c6 Nf4 24. Bxf4 gxf4 25. d6 Qxd2 26. Nxd2 Be6 27. c7 Bxb2
28. Rc2 Bf6 29. Nc4 Bf5 30. Nb6 Bxc2 31. Nxa8 Bf5 32. Nb6 Bd4 33. d7 Bxd7 34.
Nxd7 Rc8 35. Rc1 f6 36. Rc4 Be5 37. Kf1 Kf7 38. Nxe5+ fxe5 39. Ke2 Ke6 40. Kd3
Kd5 41. f3 h5 42. a4 h4 43. h3 Kd6 44. Ke4 Ke6 45. Rc6+ Kd7 46. Kd5 Ke7 47.
Kxe5 1-0

[Event "SG Ennepe-Ruhr-Süd 1 - SK Königsspringe"]
[Site "Oberliga NRW 2016/2017"]
[Date "2016.11.13"]
[Round "3.5"]
[White "Kind, Bertram"]
[Black "Heller, Achim"]
[Result "1-0"]
[WhiteElo "2166"]
[BlackElo "2055"]
[PlyCount "137"]
[EventDate "2016.??.??"]
[WhiteTeam "SK Königsspringer Iserlohn 1"]
[BlackTeam "SG Ennepe-Ruhr-Süd 1"]

1. e4 c6 2. d4 d5 3. exd5 cxd5 4. Bd3 Nc6 5. c3 Nf6 6. Bf4 Bg4 7. Qb3 Qd7 8.
Nd2 e6 9. Ngf3 Bxf3 10. Nxf3 Bd6 11. Bg5 Rc8 12. O-O O-O 13. Bxf6 gxf6 14. Qc2
Kh8 15. Qd2 Kg7 16. Rfe1 Ne7 17. Kh1 Ng6 18. g3 Rh8 19. Qe2 Rce8 20. Bb5 Qc8
21. Bxe8 Rxe8 22. Rac1 e5 23. dxe5 fxe5 24. Rcd1 e4 25. Ng1 Qc6 26. Nf3 Bc5 27.
Nh4 Ne5 28. f4 exf3 29. Nxf3 d4 30. cxd4 Ng4 31. Qg2 Ne3 32. Rxe3 Rxe3 33. dxc5
Rxf3 34. b4 Qf6 35. Kg1 b6 36. cxb6 Qxb6+ 37. Kh1 Qf6 38. Qe2 h5 39. Kg2 Rf5
40. Re1 Qd4 41. a3 a5 42. Qe3 Qb2+ 43. Re2 Qf6 44. Qe4 axb4 45. axb4 Qg6 46.
Qd4+ Kh7 47. Re8 Qc6+ 48. Qe4 Qb5 49. Kh3 Qf1+ 50. Kh4 Qf2 51. h3 Kg7 52. Re5
Rxe5 53. Qxe5+ Kg8 54. Qg5+ Kh7 55. Qxh5+ Kg8 56. Qg5+ Kh7 57. Qf4 Qa2 58. Qe4+
Kh6 59. b5 Qb2 60. Qf4+ Kg6 61. Qg5+ Kh7 62. Qf5+ Kg7 63. g4 Qd4 64. Kh5 Qc3
65. g5 Kf8 66. g6 f6 67. h4 Qd4 68. g7+ Kxg7 69. Qg4+ 1-0